00189nam a22000857a 4500020001800000100002000018245002000038260003300058300001200091 a9781419740800 aShannon Doleski aMary Underwater aNew YorkbAmulet Booksc2020 a219 pgs